000 00459cam a22001577a 4500
008 180718b1986 xxu||||| |||| 00| 0 eng d
082 _aT112 P228/86
245 _aReading in the concept and measurement in income
_cedited by R.H. Parker, G.C. Harcourt and G. Whittington
250 _a2nd ed.
260 _aDelhi
_bHaritage
_c1986
300 _a371p.
650 _aIncome
700 _aWhittington, G.
700 _aHarcourt, G.C.
700 _aParker, R.H.
999 _c351557
_d351557